000 00415nam a22001697a 4500
999 _c10461
_d10461
003 OSt
008 210216b ||||| |||| 00| 0 eng d
020 _a9788126579907
100 _aPRADHAN, Manaranjan
245 _aMachine Learning using Python
250 _a1st and Reprint 2019
260 _aNew Delhi
_bWiley
_c2019
300 _a343
650 _aCSEAIML
700 _aKUMAR, U Dinesh
942 _2ddc
_cBK
_04